Worst Soccer Losses in FIFA World Cup History - Statistics

General Stats
  • This quiz has been taken 1,021 times
  • The average score is 3 of 8
Answer Stats
Final Score Winner Loser % Correct
7-1 Germany Brazil
95%
7-0 Portugal North Korea
52%
8-0 Germany Saudi Arabia
39%
10-1 Hungary El Salvador
34%
9-0 Yugoslavia Zaire
32%
9-0 Hungary Korea Republic
31%
8-0 Sweden Cuba
22%
6-1 Spain Bulgaria
20%
No matching quizzes found
Score Distribution
Percent of People with Each Score
Percentile by Number Answered
Your Score History
You have not taken this quiz